Čakanie na európske platy

Prieskum a prognózy zvyšovania miezd po vstupe Slovenska do EÚ.

Na minha lista:
Detalhes bibliográficos
Autor principal: Môciková, Renata
Formato: Capítulo de Livro
Idioma:eslovaco
Assuntos:
Tags: Adicionar Tag
Sem tags, seja o primeiro a adicionar uma tag!

MARC

LEADER 00000naa$a2200000$$$4500
001 0002195
005 20231003080302.0
041 0 |a slo 
044 |a SK 
245 1 0 |a Čakanie na európske platy  |c aut. Renata Môciková 
520 |a Prieskum a prognózy zvyšovania miezd po vstupe Slovenska do EÚ. 
610 2 0 |a Európska únia 
610 2 0 |a mzdy 
610 2 0 |a Slovensko 
610 2 0 |a prognózy 
100 1 |a Môciková, Renata